[Event "Madrid-ch sub-12"]
[Site "Madrid ESP"]
[Date "2016.04.16"]
[Round "1.1"]
[White "Guillo Longares, Cecilia"]
[Black "Zhou, Lulu"]
[Result "1-0"]
[WhiteElo "1904"]
[BlackElo "1565"]
[PlyCount "51"]
[EventDate "2016.04.16"]
[EventType "swiss"]
[EventRounds "7"]
[EventCountry "ESP"]
[SourceTitle "Ajedrez en Madrid"]
[Source "lmi"]
[SourceDate "2016.04.16"]

1. d4 d5 2. c4 c6 3. Nc3 Nf6 4. Bg5 e6 5. cxd5 exd5 6. Qc2 h6 7. Bh4 Be7 8. e3
b6 9. Nf3 Ba6 10. Bxa6 Nxa6 11. Qa4 Nb8 12. Ne5 b5 13. Qc2 Nfd7 14. Bxe7 Qxe7
15. Nxd5 cxd5 16. Qc8+ Qd8 17. Qxd8+ Kxd8 18. Nxf7+ Ke7 19. Nxh8 Kf6 20. Rc1
Nb6 21. Rc7 a5 22. Rf7+ Ke6 23. Rxg7 N8d7 24. Rg6+ Kf5 25. g4+ Ke4 26. Ke2 1-0

[Event "Madrid-ch sub-12"]
[Site "Madrid ESP"]
[Date "2016.04.16"]
[Round "1.2"]
[White "Menendez Hernandez, Carlos"]
[Black "Reyes Penas, Sebastian"]
[Result "0-1"]
[WhiteElo "1485"]
[BlackElo "1752"]
[PlyCount "50"]
[EventDate "2016.04.16"]
[EventType "swiss"]
[EventRounds "7"]
[EventCountry "ESP"]
[SourceTitle "Ajedrez en Madrid"]
[Source "lmi"]
[SourceDate "2016.04.16"]

1. e4 c5 2. Nf3 e6 3. d4 cxd4 4. Nxd4 a6 5. Nc3 Qc7 6. Be3 Bb4 7. Qd2 Nf6 8. f3
d5 9. Bg5 Nbd7 10. exd5 Nxd5 11. Nde2 h6 12. Be3 O-O 13. a3 Nxe3 14. Qxe3 Bc5
15. Qf4 Qb6 16. b4 Bf2+ 17. Kd1 e5 18. Qc4 Nf6 19. Ng3 Be6 20. Qe2 Rac8 21.
Nge4 Nxe4 22. Nxe4 Qd4+ 23. Qd2 Qxa1+ 24. Qc1 Rfd8+ 25. Bd3 Rxd3+ 0-1

[Event "Madrid-ch sub-12"]
[Site "Madrid ESP"]
[Date "2016.04.16"]
[Round "1.3"]
[White "Fernandez Estremera, Fernando"]
[Black "Coromina Martinez, David"]
[Result "1-0"]
[WhiteElo "1750"]
[BlackElo "1230"]
[PlyCount "143"]
[EventDate "2016.04.16"]
[EventType "swiss"]
[EventRounds "7"]
[EventCountry "ESP"]
[SourceTitle "Ajedrez en Madrid"]
[Source "lmi"]
[SourceDate "2016.04.16"]

1. d4 d5 2. c4 e6 3. Nc3 Nf6 4. cxd5 exd5 5. Bg5 Be6 6. Qb3 b6 7. e3 Be7 8. Bd3
Nbd7 9. Nge2 c5 10. Bb5 Qc7 11. Bxf6 Bxf6 12. Nxd5 Bxd5 13. Qxd5 Rd8 14. Qe4+
Kf8 15. O-O g6 16. Qf3 Kg7 17. Rac1 Qd6 18. Bxd7 Rxd7 19. dxc5 bxc5 20. Nc3
Bxc3 21. bxc3 Rhd8 22. h3 Qa6 23. Qe4 Qf6 24. Qc4 Qc6 25. Qb3 Rd5 26. Rcd1 Rg5
27. f3 Rxd1 28. Qxd1 Rd5 29. Qc2 Qd6 30. c4 Rd2 31. Qc3+ Kg8 32. Ra1 Re2 33.
Kf1 Qd2 34. Qxd2 Rxd2 35. Rb1 Rxa2 36. Rb5 a5 37. Rxc5 a4 38. Ra5 a3 39. c5 Rc2
40. Rxa3 Rxc5 41. Kf2 Kg7 42. Ra7 Rc2+ 43. Kg3 Re2 44. e4 Rd2 45. e5 Rd8 46.
Kf4 Re8 47. Ke4 Re6 48. f4 h5 49. g4 Kf8 50. f5 gxf5+ 51. gxf5 Re8 52. f6 Kg8
53. Kf5 Kf8 54. h4 Kg8 55. Re7 Kf8 56. Rxe8+ Kxe8 57. Kg5 Kf8 58. Kxh5 Kg8 59.
Kg5 Kf8 60. e6 fxe6 61. Kf4 Kg8 62. Ke5 Kf8 63. Kxe6 Ke8 64. h5 Kf8 65. h6 Kg8
66. Ke7 Kh8 67. f7 Kh7 68. f8=Q Kg6 69. Qf6+ Kh5 70. Qg7 Kh4 71. h7 Kh3 72.
h8=R# 1-0

[Event "Madrid-ch sub-12"]
[Site "Madrid ESP"]
[Date "2016.04.16"]
[Round "1.4"]
[White "Garcia Pardo, Celia"]
[Black "Estevez Sacristan, Deva"]
[Result "0-1"]
[WhiteElo "1194"]
[BlackElo "1642"]
[PlyCount "96"]
[EventDate "2016.04.16"]
[EventType "swiss"]
[EventRounds "7"]
[EventCountry "ESP"]
[SourceTitle "Ajedrez en Madrid"]
[Source "lmi"]
[SourceDate "2016.04.16"]

1. e4 e6 2. d3 d5 3. Nd2 c5 4. Ngf3 Nf6 5. c3 Nc6 6. Be2 Bd6 7. O-O O-O 8. Re1
Qc7 9. Qc2 d4 10. Nf1 b5 11. cxd4 cxd4 12. Bg5 Nd7 13. Bh4 Qb6 14. a3 Bb7 15.
Bg3 e5 16. N1d2 Rac8 17. Qb1 a5 18. b3 Ba6 19. Rc1 Ne7 20. Qb2 f6 21. Rxc8 Rxc8
22. Rc1 Nc5 23. b4 axb4 24. axb4 Na4 25. Qb3+ Kh8 26. Rxc8+ Bxc8 27. Ne1 Nc3
28. Bf3 Nc6 29. Nc2 Qa7 30. Nb1 Qa2 31. Qxa2 Nxa2 32. Nba3 Ba6 33. Kf1 Naxb4
34. Nxb4 Nxb4 35. Be2 Na2 36. Nb1 b4 37. Ke1 b3 38. Bd1 Bb4+ 39. Ke2 Nc1+ 40.
Kf3 Bxd3 41. Na3 Bxa3 42. h3 b2 43. Bh2 b1=Q 44. g3 Bxe4+ 45. Kg4 f5+ 46. Kh4
Be7+ 47. Kh5 Qb6 48. g4 Qh6# 0-1

[Event "Madrid-ch sub-12"]
[Site "Madrid ESP"]
[Date "2016.04.16"]
[Round "1.5"]
[White "Doval Mancheno, Pablo"]
[Black "Galan Garcia, Laura"]
[Result "1-0"]
[WhiteElo "1630"]
[BlackElo "1177"]
[PlyCount "69"]
[EventDate "2016.04.16"]
[EventType "swiss"]
[EventRounds "7"]
[EventCountry "ESP"]
[SourceTitle "Ajedrez en Madrid"]
[Source "lmi"]
[SourceDate "2016.04.16"]

1. e4 e5 2. Nf3 Nc6 3. Bc4 Nf6 4. d3 h6 5. Nc3 Bc5 6. Be3 Bd4 7. Bxd4 exd4 8.
Nd5 O-O 9. O-O d6 10. h3 Be6 11. Re1 Na5 12. Nxd4 c6 13. Nxf6+ Qxf6 14. Nxe6
fxe6 15. Bb3 Qxf2+ 16. Kh1 Nxb3 17. axb3 Qg3 18. Re2 Rf7 19. Qe1 Qg6 20. Rf2
Raf8 21. Rxf7 Qxf7 22. Qe3 a6 23. Kg1 Re8 24. Rf1 Qg6 25. Qf4 e5 26. Qf3 Qg5
27. Qf7+ Kh7 28. Qxe8 Qd2 29. Qd7 h5 30. Qf5+ Kg8 31. Qxh5 Qe3+ 32. Kh2 Qd2 33.
Rf5 Qxc2 34. Qe8+ Kh7 35. Rh5# 1-0

[Event "Madrid-ch sub-12"]
[Site "Madrid ESP"]
[Date "2016.04.16"]
[Round "1.6"]
[White "Dominguez Gonzalez, Jimena"]
[Black "Alvarez Poves, Jesus"]
[Result "0-1"]
[WhiteElo "1105"]
[BlackElo "1626"]
[PlyCount "112"]
[EventDate "2016.04.16"]
[EventType "swiss"]
[EventRounds "7"]
[EventCountry "ESP"]
[SourceTitle "Ajedrez en Madrid"]
[Source "lmi"]
[SourceDate "2016.04.16"]

1. e4 c5 2. Nf3 Nc6 3. Nc3 g6 4. Bc4 Bg7 5. Bd5 Nf6 6. Bxc6 bxc6 7. d3 O-O 8.
O-O d5 9. Bg5 Bg4 10. h3 Bxf3 11. Qxf3 d4 12. Ne2 Rb8 13. b3 Nd7 14. Qg3 Re8
15. Qh4 f6 16. Bh6 a5 17. Nf4 e5 18. Ne2 a4 19. f4 exf4 20. Bxg7 Kxg7 21. Nxf4
g5 22. Qg3 Qe7 23. Nh5+ Kg6 24. Qf3 Rf8 25. g4 Qe6 26. h4 Ne5 27. Qf5+ Qxf5 28.
exf5+ Kh6 29. hxg5+ fxg5 30. Ng3 Nxg4 31. bxa4 Ne3 32. Rf2 Ra8 33. f6 Rxa4 34.
a3 c4 35. Rb1 Ng4 36. Rff1 Rxf6 37. Rb6 Rxf1+ 38. Nxf1 Ne5 39. Ng3 cxd3 40.
cxd3 Rxa3 41. Nf5+ Kh5 42. Nxd4 Rxd3 43. Nxc6 Nxc6 44. Rxc6 Kg4 45. Rc4+ Kg3
46. Kf1 Rf3+ 47. Kg1 h5 48. Rc2 g4 49. Rg2+ Kf4 50. Kh2 h4 51. Rc2 Rd3 52. Rc4+
Kf3 53. Rc1 Rd2+ 54. Kh1 g3 55. Rf1+ Rf2 56. Rg1 Rh2# 0-1

[Event "Madrid-ch sub-12"]
[Site "Madrid ESP"]
[Date "2016.04.16"]
[Round "2.1"]
[White "Alvarez Poves, Jesus"]
[Black "Guillo Longares, Cecilia"]
[Result "0-1"]
[WhiteElo "1626"]
[BlackElo "1904"]
[PlyCount "82"]
[EventDate "2016.04.16"]
[EventType "swiss"]
[EventRounds "7"]
[EventCountry "ESP"]
[SourceTitle "Ajedrez en Madrid"]
[Source "lmi"]
[SourceDate "2016.04.16"]

1. d4 Nf6 2. c4 c5 3. d5 e6 4. Nc3 exd5 5. cxd5 d6 6. e4 g6 7. Nf3 Bg4 8. Be2
Bxf3 9. Bxf3 Bg7 10. O-O O-O 11. Bg5 a6 12. Rc1 b5 13. Bf4 Qb6 14. a3 Nbd7 15.
b4 c4 16. Be3 Qb7 17. Bd4 Rfe8 18. Re1 Ne5 19. Bxe5 Rxe5 20. Qd2 Nd7 21. Re2
Ree8 22. g3 Ne5 23. Bg2 Nd3 24. Rd1 Bd4 25. Rb1 Qe7 26. Na2 Qf6 27. Nc1 Ne5 28.
Kh1 Ng4 29. f3 c3 30. Qe1 Ne5 31. f4 Nc4 32. Nb3 Nxa3 33. Rd1 Bb6 34. e5 Qe7
35. exd6 Qxe2 36. Qxe2 Rxe2 37. Nc5 c2 38. Rc1 Rae8 39. Bf1 Re1 40. d7 R8e2 41.
Nd3 Rxc1 0-1

[Event "Madrid-ch sub-12"]
[Site "Madrid ESP"]
[Date "2016.04.16"]
[Round "2.2"]
[White "Reyes Penas, Sebastian"]
[Black "Doval Mancheno, Pablo"]
[Result "0-1"]
[WhiteElo "1752"]
[BlackElo "1630"]
[PlyCount "168"]
[EventDate "2016.04.16"]
[EventType "swiss"]
[EventRounds "7"]
[EventCountry "ESP"]
[SourceTitle "Ajedrez en Madrid"]
[Source "lmi"]
[SourceDate "2016.04.16"]

1. e4 e5 2. Nf3 Nc6 3. Bc4 Bc5 4. d3 Nf6 5. Nc3 h6 6. Be3 Bb6 7. Nd5 d6 8. c3
O-O 9. O-O Be6 10. Nxb6 axb6 11. Bb3 Na5 12. c4 Nc6 13. a3 Ne7 14. Bc2 c5 15.
h3 Qd7 16. Kh2 Nh7 17. Nd2 g5 18. g4 f6 19. Nb1 b5 20. Bb3 b4 21. a4 b6 22. Nd2
Ra7 23. Qe2 Rfa8 24. Bc2 Nf8 25. Rg1 Nfg6 26. f3 Qe8 27. b3 Bd7 28. Nf1 Nf4 29.
Bxf4 exf4 30. Rd1 Nc6 31. Kg2 Nd4 32. Qf2 Kg7 33. Rb1 h5 34. Bd1 Qg6 35. Nh2
Rh8 36. Kf1 h4 37. Kg2 Rha8 38. Nf1 Qe8 39. Qb2 b5 40. cxb5 Bxb5 41. Bc2 Bc6
42. Nd2 d5 43. Rge1 Re7 44. Kf2 Qd7 45. exd5 Bxd5 46. Rxe7+ Qxe7 47. Re1 Qb7
48. Ne4 Bxe4 49. dxe4 Rd8 50. Rd1 Qc7 51. Bd3 Nc6 52. Qc2 Nd4 53. Qc4 Qb6 54.
Rc1 Nxb3 55. Rd1 Na5 56. Qb5 Qxb5 57. axb5 c4 58. Bc2 Rxd1 59. Bxd1 b3 60. b6
Kf7 61. Ke2 Ke7 62. Kd2 Kd6 63. b7 Kc7 64. Kc3 Kxb7 65. Kb4 Kb6 66. Kc3 Kb5 67.
Be2 Ka4 68. Bd1 Ka3 69. Kd4 b2 70. Bc2 Ka2 71. Kd5 b1=Q 72. Bxb1+ Kxb1 73. Ke6
c3 74. Kxf6 c2 75. Kxg5 c1=Q 76. Kxh4 Qe3 77. Kg5 Qxf3 78. h4 Qxe4 79. h5 f3
80. h6 f2 81. h7 Qxh7 82. Kf4 f1=Q+ 83. Ke5 Qe7+ 84. Kd4 Qd1+ 0-1

[Event "Madrid-ch sub-12"]
[Site "Madrid ESP"]
[Date "2016.04.16"]
[Round "2.3"]
[White "Ingunza Curro, Andres"]
[Black "Fernandez Estremera, Fernando"]
[Result "1-0"]
[WhiteElo "1579"]
[BlackElo "1750"]
[PlyCount "41"]
[EventDate "2016.04.16"]
[EventType "swiss"]
[EventRounds "7"]
[EventCountry "ESP"]
[SourceTitle "Ajedrez en Madrid"]
[Source "lmi"]
[SourceDate "2016.04.16"]

1. e4 c5 2. Nc3 e6 3. f4 a6 4. Nf3 Qc7 5. d3 d6 6. Be2 Nd7 7. O-O Ngf6 8. Qe1
Be7 9. Kh1 O-O 10. f5 e5 11. Nh4 b5 12. Qg3 Kh8 13. Qh3 Re8 14. g4 Nf8 15. g5
Ng8 16. Bg4 Bb7 17. Bh5 Bd8 18. g6 Nf6 19. gxf7 Re7 20. Ng6+ Nxg6 21. fxg6 1-0

[Event "Madrid-ch sub-12"]
[Site "Madrid ESP"]
[Date "2016.04.16"]
[Round "2.4"]
[White "Estevez Sacristan, Deva"]
[Black "Martinez Aragon, Aitor"]
[Result "1-0"]
[WhiteElo "1642"]
[BlackElo "1621"]
[PlyCount "57"]
[EventDate "2016.04.16"]
[EventType "swiss"]
[EventRounds "7"]
[EventCountry "ESP"]
[SourceTitle "Ajedrez en Madrid"]
[Source "lmi"]
[SourceDate "2016.04.16"]

1. e4 e6 2. d4 d5 3. Bd3 dxe4 4. Bxe4 Nf6 5. Bf3 Be7 6. Ne2 O-O 7. O-O Nc6 8.
c3 Bd7 9. Bg5 Nd5 10. Bxe7 Ndxe7 11. Nd2 Rb8 12. Qc2 Ng6 13. Ng3 Nce7 14. Be4
Bc6 15. Nf3 Bxe4 16. Nxe4 Qd5 17. c4 Qh5 18. Ng3 Qh6 19. Rfe1 Nf4 20. Ne5 Rfd8
21. Rad1 Qg5 22. Nf3 Qg6 23. Qd2 Nh5 24. Ne5 Qf6 25. Nxh5 Qh4 26. Ng3 c5 27.
Re4 Qf6 28. Rf4 Qg5 29. Nxf7 1-0

[Event "Madrid-ch sub-12"]
[Site "Madrid ESP"]
[Date "2016.04.16"]
[Round "2.5"]
[White "Zhou, Lulu"]
[Black "Dominguez Gonzalez, Jimena"]
[Result "1-0"]
[WhiteElo "1565"]
[BlackElo "1105"]
[PlyCount "115"]
[EventDate "2016.04.16"]
[EventType "swiss"]
[EventRounds "7"]
[EventCountry "ESP"]
[SourceTitle "Ajedrez en Madrid"]
[Source "lmi"]
[SourceDate "2016.04.16"]

1. e4 e5 2. Nf3 Nc6 3. Bb5 Bc5 4. O-O Nf6 5. Bxc6 bxc6 6. Nxe5 Qe7 7. d4 Bb6 8.
Nc3 c5 9. Nf3 cxd4 10. Nxd4 O-O 11. Nf5 Qe6 12. Qf3 Bb7 13. Ng3 Rfe8 14. Re1 d5
15. e5 d4 16. Qxb7 dxc3 17. h3 cxb2 18. Bxb2 Nd5 19. Qa6 Nb4 20. Qa4 Nd5 21.
Rad1 Red8 22. c4 Bxf2+ 23. Kxf2 Qb6+ 24. Bd4 Qb4 25. Qxb4 Nxb4 26. Ne2 Nxa2 27.
Bxa7 Nb4 28. Rxd8+ Rxd8 29. Kf1 Re8 30. Rb1 Nd3 31. Bd4 c5 32. Rd1 Nxe5 33.
Bxe5 f6 34. Bd6 Rd8 35. Rd5 Re8 36. Rxc5 Kf7 37. Rd5 Rd8 38. c5 Ke6 39. Rd1 g5
40. g4 h6 41. Ng3 f5 42. gxf5+ Kf6 43. Be5+ Ke7 44. Bf6+ Kxf6 45. Rxd8 Ke7 46.
Rd1 g4 47. hxg4 h5 48. gxh5 Kf6 49. c6 Ke5 50. c7 Kf6 51. c8=Q Kg5 52. Rd4 Kf6
53. Qc6+ Ke5 54. Qc5+ Kf6 55. Qd6+ Kg7 56. Re4 Kf7 57. Re7+ Kf8 58. Qd8# 1-0

[Event "Madrid-ch sub-12"]
[Site "Madrid ESP"]
[Date "2016.04.16"]
[Round "2.6"]
[White "Galan Garcia, Laura"]
[Black "Menendez Hernandez, Carlos"]
[Result "0-1"]
[WhiteElo "1177"]
[BlackElo "1485"]
[PlyCount "70"]
[EventDate "2016.04.16"]
[EventType "swiss"]
[EventRounds "7"]
[EventCountry "ESP"]
[SourceTitle "Ajedrez en Madrid"]
[Source "lmi"]
[SourceDate "2016.04.16"]

1. e4 c5 2. Bc4 Nc6 3. Nf3 Nf6 4. Nc3 d6 5. h3 g6 6. O-O Bg7 7. d4 cxd4 8. Nxd4
O-O 9. Be3 e5 10. Nxc6 bxc6 11. Qe2 d5 12. exd5 cxd5 13. Rad1 d4 14. Bg5 Bb7
15. Nb5 Re8 16. Qd3 a6 17. Na3 Qb6 18. Rb1 Qc6 19. f3 h6 20. Bh4 Nd5 21. Nb5
Nc3 22. Bd5 Nxd5 23. Na3 Ne3 24. Rfe1 Rac8 25. c3 e4 26. Qe2 Nf5 27. Bf2 e3 28.
cxd4 exf2+ 29. Qxf2 Bxd4 30. Qxd4 Nxd4 31. Rxe8+ Rxe8 32. Rd1 Nxf3+ 33. gxf3
Qxf3 34. Rd2 Qg3+ 35. Kf1 Re1# 0-1

[Event "Madrid-ch sub-12"]
[Site "Madrid ESP"]
[Date "2016.04.17"]
[Round "3.1"]
[White "Guillo Longares, Cecilia"]
[Black "Ingunza Curro, Andres"]
[Result "0-1"]
[WhiteElo "1904"]
[BlackElo "1579"]
[PlyCount "200"]
[EventDate "2016.04.16"]
[EventType "swiss"]
[EventRounds "7"]
[EventCountry "ESP"]
[SourceTitle "Ajedrez en Madrid"]
[Source "lmi"]
[SourceDate "2016.04.16"]

1. d4 Nf6 2. c4 e6 3. Nc3 Bb4 4. Qc2 b6 5. a3 Bxc3+ 6. Qxc3 Bb7 7. Nf3 d6 8.
Bg5 h6 9. Bh4 Nbd7 10. e3 g5 11. Bg3 Ne4 12. Qc2 f5 13. Nd2 Ndf6 14. f3 Nxg3
15. hxg3 Qe7 16. Bd3 O-O-O 17. Kf2 h5 18. a4 h4 19. gxh4 gxh4 20. d5 exd5 21.
Bxf5+ Kb8 22. cxd5 Nxd5 23. e4 Nb4 24. Qc3 a5 25. Nb3 Qe5 26. Rh3 Ba6 27. Nc1
Qc5+ 28. Qxc5 dxc5 29. b3 Rd1 30. e5 Nd5 31. g4 hxg3+ 32. Kxg3 Rg8+ 33. Bg4 Ne3
34. e6 Nxg4 35. fxg4 Rg1+ 36. Kf2 R1xg4 37. Na2 Re4 38. Nc3 Rxe6 39. Rf3 Reg6
40. Rb1 Rg2+ 41. Ke3 Re8+ 42. Kf4 Bb7 43. Rff1 Rf8+ 44. Ke3 Rg3+ 45. Kd2 Rgf3
46. Rxf3 Rxf3 47. Re1 Bc6 48. Rg1 Rf8 49. Re1 Re8 50. Rf1 Kc8 51. Rf2 Kd7 52.
Rf7+ Re7 53. Rf6 Re6 54. Rf7+ Kd6 55. Rf8 Bd7 56. Rf3 c6 57. Rd3+ Ke7 58. Rg3
b5 59. Rg7+ Kd6 60. Rg8 Be8 61. Rg3 Ke5 62. Rg5+ Kd6 63. Rg3 c4 64. bxc4 bxc4
65. Rg5 Re5 66. Rg7 Kc5 67. Ra7 Kb4 68. Rb7+ Kc5 69. Ra7 Kb6 70. Ra8 Bg6 71.
Rb8+ Ka7 72. Rc8 Kb7 73. Rg8 Rg5 74. Rg7+ Kb6 75. Re7 Rg2+ 76. Ke3 Rg3+ 77. Kd4
Rg4+ 78. Ke3 Kc5 79. Rb7 Rg3+ 80. Kd2 Rd3+ 81. Kc1 Rxc3+ 82. Kb2 Rh3 83. Rg7
Rg3 84. Rb7 Rg2+ 85. Ka1 c3 86. Rb3 Rc2 87. Rb8 Rc1+ 88. Ka2 Bf7+ 89. Rb3 Rc2+
90. Ka3 Bxb3 91. Kxb3 Rg2 92. Kxc3 Rg3+ 93. Kb2 Kd4 94. Kc2 Rg2+ 95. Kb3 Rg3+
96. Kc2 c5 97. Kb2 c4 98. Ka2 Kc3 99. Ka3 Kc2+ 100. Ka2 Rb3 0-1

[Event "Madrid-ch sub-12"]
[Site "Madrid ESP"]
[Date "2016.04.17"]
[Round "3.2"]
[White "Doval Mancheno, Pablo"]
[Black "Estevez Sacristan, Deva"]
[Result "1-0"]
[WhiteElo "1630"]
[BlackElo "1642"]
[PlyCount "61"]
[EventDate "2016.04.16"]
[EventType "swiss"]
[EventRounds "7"]
[EventCountry "ESP"]
[SourceTitle "Ajedrez en Madrid"]
[Source "lmi"]
[SourceDate "2016.04.16"]

1. e4 e6 2. d4 d5 3. Nc3 Nf6 4. e5 Nfd7 5. Nf3 c5 6. dxc5 Bxc5 7. Bd3 Nc6 8.
Bf4 Qb6 9. O-O Qxb2 10. Nb5 Ncxe5 11. Nxe5 Nxe5 12. Rb1 Qxa2 13. Bxe5 Qa5 14.
Nc7+ Ke7 15. Nxa8 f6 16. Rb5 Qd8 17. Bc7 Qd7 18. Rxc5 Qa4 19. Bg3 b6 20. Rc7+
Bd7 21. Qa1 Qxa1 22. Rxa1 Rxa8 23. Bb5 Rd8 24. Raxa7 e5 25. Rxd7+ Rxd7 26.
Rxd7+ Ke6 27. f4 e4 28. Be1 e3 29. g4 d4 30. Bg3 e2 31. f5# 1-0

[Event "Madrid-ch sub-12"]
[Site "Madrid ESP"]
[Date "2016.04.17"]
[Round "3.3"]
[White "Martinez Aragon, Aitor"]
[Black "Reyes Penas, Sebastian"]
[Result "0-1"]
[WhiteElo "1621"]
[BlackElo "1752"]
[PlyCount "74"]
[EventDate "2016.04.16"]
[EventType "swiss"]
[EventRounds "7"]
[EventCountry "ESP"]
[SourceTitle "Ajedrez en Madrid"]
[Source "lmi"]
[SourceDate "2016.04.16"]

1. b3 d5 2. Bb2 Nf6 3. e3 g6 4. Nf3 Bg7 5. Be2 O-O 6. d4 Ne4 7. O-O c5 8. Nc3
Nc6 9. Bb5 cxd4 10. Nxe4 dxe4 11. Bxc6 exf3 12. Bxf3 dxe3 13. Bxg7 exf2+ 14.
Kxf2 Kxg7 15. Qxd8 Rxd8 16. Rad1 Bf5 17. Rfe1 e6 18. Rc1 Rd2+ 19. Ke3 Rad8 20.
g4 Bxc2 21. Re2 R8d3+ 22. Kf2 Rxf3+ 23. Kxf3 Bd1 24. Ke3 Rxe2+ 25. Kd3 Re1 26.
Kd2 Rh1 27. Rxd1 Rxd1+ 28. Kxd1 Kf6 29. Ke2 Kg5 30. Kf3 h5 31. h3 hxg4+ 32.
hxg4 f5 33. gxf5 gxf5 34. b4 e5 35. a4 e4+ 36. Ke3 Kg4 37. b5 f4+ 0-1

[Event "Madrid-ch sub-12"]
[Site "Madrid ESP"]
[Date "2016.04.17"]
[Round "3.4"]
[White "Fernandez Estremera, Fernando"]
[Black "Zhou, Lulu"]
[Result "0-1"]
[WhiteElo "1750"]
[BlackElo "1565"]
[PlyCount "88"]
[EventDate "2016.04.16"]
[EventType "swiss"]
[EventRounds "7"]
[EventCountry "ESP"]
[SourceTitle "Ajedrez en Madrid"]
[Source "lmi"]
[SourceDate "2016.04.16"]

1. d4 d5 2. c4 c6 3. Nc3 Nf6 4. e3 e6 5. b3 Nbd7 6. Nf3 Bb4 7. Bd2 Be7 8. Qc2
b6 9. Be2 Bb7 10. O-O O-O 11. Rfd1 Qc7 12. a3 Rac8 13. Rdc1 Qb8 14. Qb2 dxc4
15. bxc4 c5 16. Qb3 Ne4 17. Nxe4 Bxe4 18. Bd3 Bxf3 19. gxf3 cxd4 20. exd4 Bd6
21. Kg2 Bf4 22. Bxf4 Qxf4 23. Qc2 g6 24. Qb2 Rfd8 25. Rd1 Nf6 26. Be2 Nh5 27.
Rac1 Qg5+ 28. Kh1 Nf4 29. Bf1 Qf6 30. Bg2 Rc7 31. a4 Rcd7 32. Rd2 Rxd4 33. Rxd4
Rxd4 34. Rg1 Nxg2 35. Kxg2 Rg4+ 36. fxg4 Qxb2 37. Rd1 Qb4 38. Rd7 Qxa4 39. Rd2
Qxc4 40. f3 a5 41. Rd8+ Kg7 42. Rb8 a4 43. Rxb6 a3 44. Kg3 Qc7+ 0-1

[Event "Madrid-ch sub-12"]
[Site "Madrid ESP"]
[Date "2016.04.17"]
[Round "3.5"]
[White "Menendez Hernandez, Carlos"]
[Black "Alvarez Poves, Jesus"]
[Result "1-0"]
[WhiteElo "1485"]
[BlackElo "1626"]
[PlyCount "86"]
[EventDate "2016.04.16"]
[EventType "swiss"]
[EventRounds "7"]
[EventCountry "ESP"]
[SourceTitle "Ajedrez en Madrid"]
[Source "lmi"]
[SourceDate "2016.04.16"]

1. e4 c5 2. Nf3 Nc6 3. d4 cxd4 4. Nxd4 g6 5. Be3 Bg7 6. Nc3 Nf6 7. Bc4 d6 8. f3
O-O 9. O-O Ne5 10. Bb3 h5 11. h4 Nfd7 12. Qd2 Kh7 13. Bxf7 Rxf7 14. Ne6 Qg8 15.
Ng5+ Kh8 16. Nxf7+ Qxf7 17. Qd5 Qxd5 18. Nxd5 Bf6 19. Nc7 Rb8 20. Bxa7 Bxh4 21.
Bxb8 Nxb8 22. Nd5 Be6 23. Ne3 Nbc6 24. Kh2 Kg7 25. g3 Bf6 26. c3 Bc4 27. Nxc4
Nxc4 28. f4 Nd2 29. Rfe1 Nf3+ 30. Kg2 Nxe1+ 31. Rxe1 Na5 32. e5 dxe5 33. fxe5
Bg5 34. Rf1 Nc4 35. Re1 b6 36. Re4 Nxb2 37. Rb4 Nd3 38. Rxb6 Nxe5 39. a4 Bd2
40. Re6 Bxc3 41. Rxe7+ Kf6 42. Rb7 Ke6 43. Rb3 Bd4 1-0

[Event "Madrid-ch sub-12"]
[Site "Madrid ESP"]
[Date "2016.04.17"]
[Round "3.6"]
[White "Garcia Pardo, Celia"]
[Black "Coromina Martinez, David"]
[Result "0-1"]
[WhiteElo "1194"]
[BlackElo "1230"]
[PlyCount "170"]
[EventDate "2016.04.16"]
[EventType "swiss"]
[EventRounds "7"]
[EventCountry "ESP"]
[SourceTitle "Ajedrez en Madrid"]
[Source "lmi"]
[SourceDate "2016.04.16"]

1. e4 e5 2. Nf3 Nc6 3. Bc4 Nf6 4. d3 Bd6 5. Bg5 h6 6. Bh4 g5 7. Bg3 b6 8. Nc3
Qe7 9. Nd5 Nxd5 10. Bxd5 Bb7 11. c3 O-O-O 12. Qc2 Na5 13. Bxb7+ Kxb7 14. O-O-O
Qe6 15. a3 Qa2 16. Nd2 Qe6 17. h4 gxh4 18. Bxh4 Rc8 19. b4 Nc6 20. Qb3 Qxb3 21.
Nxb3 Rcg8 22. g3 Ne7 23. Kd2 Rg6 24. f3 Rf8 25. Ke2 f5 26. Nd2 c5 27. Nc4 Nc8
28. b5 f4 29. g4 Kc7 30. Rdg1 Rgg8 31. Kf2 Rg7 32. a4 Ne7 33. Rh2 Kd8 34. Rhg2
Bc7 35. Rh1 d6 36. Rhg1 Kd7 37. g5 h5 38. Ke2 Ke6 39. Nd2 Rg6 40. c4 Ra8 41.
Nb3 a6 42. Ra1 Rgg8 43. Kf1 Ng6 44. Be1 h4 45. Rh2 Rh8 46. Bf2 Rh5 47. Ke2 Bd8
48. Rg1 axb5 49. axb5 Ra2+ 50. Nd2 Bxg5 51. Bxh4 Nxh4 52. Rgh1 Kf6 53. Kd1 Ra1+
54. Ke2 Rxh1 55. Rxh1 Ke6 56. Kf2 Be7 57. Ke2 Rh6 58. Kf2 Rg6 59. Rg1 Rxg1 60.
Kxg1 Kf6 61. Kh2 Kg6 62. Kh3 Kg5 63. Kh2 Ng6 64. Kh3 Kh5 65. Nf1 Bh4 66. Nd2
Bf2 67. Nf1 Be3 68. Nh2 Nh4 69. Nf1 Nxf3 70. Kg2 Ne1+ 71. Kh3 Nxd3 72. Kg2 Nb2
73. Nxe3 fxe3 74. Kf3 Nxc4 75. Ke2 Kg4 76. Kf1 Kf3 77. Ke1 Kxe4 78. Ke2 d5 79.
Ke1 Kf3 80. Kd1 d4 81. Ke1 d3 82. Kf1 e2+ 83. Kg1 e1=Q+ 84. Kh2 Qg3+ 85. Kh1
Qg2# 0-1

[Event "Madrid-ch sub-12"]
[Site "Madrid ESP"]
[Date "2016.04.17"]
[Round "4.1"]
[White "Ingunza Curro, Andres"]
[Black "Doval Mancheno, Pablo"]
[Result "1-0"]
[WhiteElo "1579"]
[BlackElo "1630"]
[PlyCount "55"]
[EventDate "2016.04.16"]
[EventType "swiss"]
[EventRounds "7"]
[EventCountry "ESP"]
[SourceTitle "Ajedrez en Madrid"]
[Source "lmi"]
[SourceDate "2016.04.16"]

1. e4 e5 2. Nf3 Nc6 3. Bc4 Bc5 4. O-O Nf6 5. d4 exd4 6. e5 Ng4 7. Bf4 d5 8.
exd6 Bxd6 9. Re1+ Ne7 10. Bxd6 Qxd6 11. Qxd4 Qxd4 12. Nxd4 Nh6 13. Nc3 c6 14.
Re2 Kd8 15. Rd1 Bd7 16. Nf3 Ng6 17. Red2 Re8 18. Rxd7+ Kc8 19. Bxf7 Nxf7 20.
Rxf7 Rg8 21. Rdd7 Re8 22. g3 Nf8 23. Rc7+ Kd8 24. Ng5 Rc8 25. Rxb7 Re1+ 26. Kg2
Ng6 27. Nce4 Rd1 28. Rxg7 1-0

[Event "Madrid-ch sub-12"]
[Site "Madrid ESP"]
[Date "2016.04.17"]
[Round "4.2"]
[White "Estevez Sacristan, Deva"]
[Black "Guillo Longares, Cecilia"]
[Result "0-1"]
[WhiteElo "1642"]
[BlackElo "1904"]
[PlyCount "120"]
[EventDate "2016.04.16"]
[EventType "swiss"]
[EventRounds "7"]
[EventCountry "ESP"]
[SourceTitle "Ajedrez en Madrid"]
[Source "lmi"]
[SourceDate "2016.04.16"]

1. e4 c5 2. Nf3 d6 3. d4 cxd4 4. Nxd4 Nf6 5. Nc3 g6 6. Be2 Bg7 7. O-O O-O 8.
Bg5 Nc6 9. Nb3 Be6 10. Kh1 Rc8 11. f4 a6 12. a4 Na5 13. e5 Nxb3 14. cxb3 dxe5
15. fxe5 Nd7 16. Ne4 Bxe5 17. Rb1 f5 18. Nd2 Nb6 19. Qe1 Qd6 20. Rd1 Qc7 21.
Nf3 Bxb2 22. Qh4 Bf6 23. Bxf6 exf6 24. Nd4 Qf7 25. Qg3 Rfe8 26. Bd3 Kh8 27. a5
Nd7 28. Nxe6 Qxe6 29. Bc4 Qe7 30. Rfe1 Ne5 31. Qe3 Qb4 32. Qd4 Qxa5 33. Ra1 Qc5
34. Qh4 Kg7 35. Qg3 Nxc4 36. bxc4 Qxc4 37. Rxe8 Rxe8 38. Qf2 Qe2 39. Qg1 f4 40.
Rb1 Re7 41. Ra1 f3 42. gxf3 Qxf3+ 43. Qg2 Qxg2+ 44. Kxg2 Re6 45. Rb1 b5 46. Rc1
Rb6 47. Rc7+ Kh6 48. Rc3 b4 49. Rh3+ Kg7 50. Rb3 a5 51. Rb2 b3 52. Kf2 a4 53.
Ke2 a3 54. Rb1 b2 55. Kd2 a2 56. Kc2 a1=Q 57. Rxa1 bxa1=Q 58. Kd3 Qa3+ 59. Kd4
Rd6+ 60. Ke4 Qd3+ 0-1